| 000 | 00932cjm a2200277 a 4500 | ||
|---|---|---|---|
| 001 | 13781438 | ||
| 005 | 20240227093613.0 | ||
| 007 | sd fsngnnmmned | ||
| 007 | vd cvaiz| | ||
| 008 | 031110s2003 alugmn d eng d | ||
| 040 |
_aIHG _cIHG _dOCLCQ _dDLC |
||
| 041 |
_aeng _aara |
||
| 082 |
_a930 _bWON |
||
| 245 | 0 | 0 |
_aThe 7 Wonders of the World _h[videorecording] : _bSimply the Best & the Magic Metropolis / _cwritten and presented by John Romer ; produced and directed by Peter Spry-Leverton |
| 260 |
_a[s. n.] _bDiscovery channel, _c2007. |
||
| 300 |
_a1 videodisc of 1 (DVD) : _bsd., col. ; _c4 3/4 in. |
||
| 306 | _a90 min. | ||
| 500 | _aAudiovisuals. | ||
| 500 | _aSubtitles Arabic & English. | ||
| 538 | _aDVD. | ||
| 942 |
_2ddc _cCDVDDOC _hRDA-MOD |
||
| 999 |
_c10336 _d10336 |
||
| 336 |
_2rdacontent _atext _btxt |
||
| 337 |
_aunmediated _2rdamedia _bn |
||
| 338 |
_avolume _bnc _2rdacarrier |
||